| 000 | 00644nam a2200229 a 4500 | ||
|---|---|---|---|
| 005 | 20140311161035.0 | ||
| 008 | 110929s19uu xx 00 eng d | ||
| 020 | _a9781847875914 | ||
| 050 |
_aHF 5718.3 _b.T57 2009 |
||
| 100 | _aTissington, Patrick | ||
| 245 |
_aHow to write succesful business and management essays / _cPatrick Tissington. |
||
| 260 |
_aLos Angels : _bSage, _c2009. |
||
| 300 |
_a147 p. : _bill. ; _c24 cm. |
||
| 500 | _aIncludes index. | ||
| 650 | _aBusiness writing. | ||
| 700 | _aHasel, Markus | ||
| 700 | _aMatthiesen, Jane | ||
| 942 |
_cBK _2lcc _kFOR |
||
| 999 |
_c24856 _d24856 |
||